000 00402nam a2200181Ia 4500
001 19526
005 20260306172659.0
008 260306t2012||||xx |||||||||||||| ||spa||
041 _aESP
082 _a340.1
_bZ987
100 _aZusman T., Shoschana
_eAUT
245 0 _aManual del buen abogado
260 _c2012
300 _a
_c
650 _aGEN
654 _aCDE
942 _cLIB
_dJUS
_fJUS
_2ddc
_n
999 _c19526
_d19526